Translate these countries from Macedonian to English - Statistics

General Stats
  • This quiz has been taken 113 times
    37 since last reset
  • The average score is 21 of 25
Answer Stats
Country Answer % Correct
Северна Македонија North Macedonia
100%
Јужна Кореја South Korea
94%
Mексико Mexico
92%
Зимбабве Zimbabwe
89%
Боцвана Botswana
86%
Унгарија Hungary
86%
Литванија Lithuania
86%
Малезија Malaysia
86%
Словачка Slovakia
86%
Антигва и Барбуда Antigua and Barbuda
83%
Камбоџа Cambodia
83%
Нов Зеланд New Zealand
83%
Никарагва Nicaragua
83%
Шпанија Spain
83%
Таџикистан Tajikistan
83%
Уругвај Uruguay
83%
Норвешка Norway
81%
Обединето Кралство United Kingdom
81%
Џибути Djibouti
78%
Екваторијална Гвинеја Equatorial Guinea
78%
Маршалски Острови Marshall Islands
75%
Црна Гора Montenegro
75%
Гвајана Guyana
69%
Швајцарија Switzerland
69%
Грузија Georgia
67%
No matching quizzes found
Score Distribution
Percent of People with Each Score
Percentile by Number Answered
Your Score History
You have not taken this quiz since the last reset